000 00834 a2200193 4500
003 NUST
005 20251218132655.0
040 _cNust
082 _a621.382,ABB
100 _aAbbasi, Hameer (TCC-22)
_9132435
245 _aImage Guided Blended near Neighbor Interpolation and Its Applications in OIL Exploration /
_cHameer Abbasi, Aabgeenay Khan, Rida Maamoor and Imran Azeem TCC-22
260 _aRawalpindi
_bMCS (NUST)
_cJune 2014
300 _a47 p.;
505 _aIntroduction (Page-1), Literature Review (Page-7), Project Modules (Page-21), Design and Development (Page-26), analysis and Evaluation (Page-37), Future Enhancements and Conclusion (Page-45), Bibliography (Page-46).
650 _aUG Project
_9131132
651 _aTCC-22
_9131223
700 _aSupervised by Brig (R) Khan Minhas
_9132436
942 _2ddc
_cPR
999 _c212170
_d212170